Central Library OPAC University of Rajshahi

মানুষের ঠিকানা / (Record no. 40007)

MARC details
000 -LEADER
fixed length control field 00877nam a2200241 a 4500
001 - CONTROL NUMBER
control field 40007
003 - CONTROL NUMBER IDENTIFIER
rucl marc code BD-RjUL
005 - DATE AND TIME OF LATEST TRANSACTION
control field 20211209053121.0
008 - FIXED-LENGTH DATA ELEMENTS--GENERAL INFORMATION
fixed length control field 160421s1969 ii a|||| |||| 00| 0 ben d
020 ## - INTERNATIONAL STANDARD BOOK NUMBER
Terms of availability : PRs 10.00
035 ## - SYSTEM CONTROL NUMBER
System control number (BD-RjUL)40121
040 ## - CATALOGING SOURCE
Original cataloging agency BD-RjUL
Language of cataloging ben
Transcribing agency BD-RjUL
041 ## - LANGUAGE CODE
Language code of text/sound track or separate title ben
082 ## - DEWEY DECIMAL CLASSIFICATION NUMBER
Edition number 23
Classification number 612
Author mark and year DAM 1969
100 ## - MAIN ENTRY--PERSONAL NAME
Personal name দাশগুপ্ত, অমল
9 (RLIN) 123221
245 10 - TITLE STATEMENT
Title মানুষের ঠিকানা /
Statement of responsibility, etc. অমল দাশগুপ্ত
260 ## - PUBLICATION, DISTRIBUTION, ETC. (IMPRINT)
Place of publication, distribution, etc. কলকাতা :
Name of publisher, distributor, etc. লেখাপড়া,
Date of publication, distribution, etc. ১৯৬৯ [১৩৭৬]
300 ## - PHYSICAL DESCRIPTION
Pagination ৩৫১ পৃ. :
Illustrations চিত্র ;
Size ২১ সেমি
504 ## - BIBLIOGRAPHY, ETC. NOTE
Bibliography, etc গ্রন্থপঞ্জি সম্বলিত
650 ## - SUBJECT ADDED ENTRY--TOPICAL TERM
Topical term or geographic name as entry element মানুষের দেহতত্ত্ব
9 (RLIN) 123222
Topical term or geographic name as entry element Human Physiology
9 (RLIN) 123223
942 ## - ADDED ENTRY ELEMENTS (KOHA)
Source of classification or shelving scheme Dewey Decimal Classification
Koha item type Books
Holdings
Lost status Source of classification or shelving scheme Damaged status Not for loan Collection code Permanent Location Current Location Shelving location Date acquired Source of acquisition Cost, normal purchase price Total Checkouts Full call number Date last seen Copy number Koha item type
  Dewey Decimal Classification     Non-fiction Central Library, University of Rajshahi Central Library, University of Rajshahi   14/08/1973 Ideal Library 10.00   B 612 DAM 1969 21/04/2016 C-2 Books
  Dewey Decimal Classification     Non-fiction Central Library, University of Rajshahi Central Library, University of Rajshahi   23/07/1973 Ideal Library, Dhaka 13.00   B 612 DAM 1969 16/07/2016 C-3 Books
  Dewey Decimal Classification     Non-fiction Central Library, University of Rajshahi Central Library, University of Rajshahi   16/08/1973 Ideal Library 13.00   B 612 DAM 1969 20/07/2016 C-4 Books
  Dewey Decimal Classification     Non-fiction Central Library, University of Rajshahi Central Library, University of Rajshahi   16/08/1973 Ideal Library 13.00   B 612 DAM 1969 20/07/2016 C-5 Books
  Dewey Decimal Classification     Non-fiction Central Library, University of Rajshahi Central Library, University of Rajshahi   14/08/1973 Ideal Library, Dhaka 13.00   B 612 DAM 1969 26/09/2016 C-6 Books
  Dewey Decimal Classification     Non-fiction Central Library, University of Rajshahi Central Library, University of Rajshahi   14/08/1973 Ideal Library, Dhaka 13.00   B 612 DAM 1969 26/09/2016 C-7 Books
  Dewey Decimal Classification     Non-fiction Central Library, University of Rajshahi Central Library, University of Rajshahi   14/08/1973 Ideal library 13.00   B 612 DAM 1969 29/10/2016 C-8 Books
  Dewey Decimal Classification     Non-fiction Central Library, University of Rajshahi Central Library, University of Rajshahi   14/08/1973 Ideal Library, 13.00   B 612 DAM 1969 23/11/2016 C-9 Books
  Dewey Decimal Classification   Not For Loan Non-fiction Central Library, University of Rajshahi Central Library, University of Rajshahi Reading Room 14/08/1973 Ideal Library 13.00   B 612 DAM 1969 24/05/2017 C-1 Books
  Dewey Decimal Classification     Non-fiction Central Library, University of Rajshahi Central Library, University of Rajshahi   14/08/1973 Ideal Lib., Dacca 13.00   B 612 DAM 1969 10/11/2018 C-10 Books